| 000 | 00370nam a2200157Ia 4500 | ||
|---|---|---|---|
| 008 | 210716s2011 xx 000 0 und d | ||
| 020 | _a9788131731598 | ||
| 041 | _aeng | ||
| 082 | _a332.17 SIDT | ||
| 100 | _aSiddaiah, Thummuluri. | ||
| 245 | _aFinancial services. | ||
| 250 | _a1 | ||
| 260 |
_aNew Delhi _bPearson _c2011 |
||
| 300 | _axxiv,543 | ||
| 650 | _aFinance | ||
| 999 |
_c211044 _d211044 |
||